000 00729nab a22002297a 4500
001 19531
003 HDC
007 cr bn ---aaaaa
008 210128c20090610my ||||o |||| 00| 00eng d
040 _aHDC
245 0 _aMeat row over halal certification threatens $450m of dairy exports
336 _atext
_2rdacontent
337 _acomputer
_2rdamedia
338 _aonline resource
_2rdacarrier
650 _aExport
_94753
650 _aHalal industry
_9144
710 _aDagangHalal.com
856 _zRequest full-text at [email protected]
942 _2lcc
942 _cNEWS
942 _kNWSO 007728
999 _c16847
_d16847